Statistics for Title in the Lyrics: Songs That Start With C

Click here to take the quiz!

General Stats

  • This quiz has been taken 1,897 times
    (1,002 since last reset)
  • The average score is 6 of 18

Answer Stats

Answer% Correct
Hey, I just met you / And this is crazy / But here's my number / So {Call} {Me} {Maybe}
95%
{Country} {Roads}, take me home / To the place, I belong / West Virginia
89%
{California} {Gurls} / We're unforgettable / Daisy Dukes / Bikinis on top
81%
Wise men say only fools rush in / But I {Can't} {Help} {Falling} {in} {Love} with you
68%
I {Can't} {Feel} {My} {Face} when I'm with you / But I love it, but I love it, oh
57%
Should I give up / Or should I just keep {Chasing} {Pavements}? / Even if it leads nowhere
34%
I don't care too much for money, money {Can't} {Buy} {Me} {Love}
33%
It's understood that Hollywood / Sells {Californication}
33%
Come on now, {Celebration} / Let's all celebrate and have a good time
32%
While the other kids were rocking round the clock / We were hopping and bopping to the {Crocodile} {Rock}
32%
Baby you a song / You make me wanna roll my windows down and {Cruise}
31%
{Cecilia}, you're breaking my heart / You're shaking my confidence daily
31%
And we are, we are, we are, we are, we are / The {Crazy} {Kids}, we are the / We are the crazy people
10%
Driving that train, high on cocaine / {Casey} {Jones} you better watch your speed
6%
But I tell myself that I'm doing alright / There's nothing left to do at night but go {Crazy} {On} {You}
4%
Take my order cause your body like a / {Carry} {Out} / Let me walk into your body until it's lights out
3%
When there is no place safe and no safe place to put my head / When you feel the world shake from the words that are said / And I'm {Calling} {All} {Angels}
3%
The people of the town are strange / And they're proud of where they came / Well, you're talkin' 'bout {China} {Grove}
2%

Score Distribution

Percentile by Number Answered

Percent of People with Each Score

Your Score History

You have not taken this quiz since the last reset